| 000 | 00528nam a22001697a 4500 | ||
|---|---|---|---|
| 003 | MACL | ||
| 005 | 20160721125123.0 | ||
| 008 | 160721b xxu||||| |||| 00| 0 eng d | ||
| 040 | _cMACL | ||
| 041 | _aHindi | ||
| 082 | _a200 | ||
| 100 |
_aतिवारी, रीमा _947861 |
||
| 245 |
_aहमारे पर्व त्यौहार _cरीमा तिवारी |
||
| 260 |
_aनई दिल्ली _bशिक्षा किरण _c2015 |
||
| 650 |
_aधर्म _964824 |
||
| 942 |
_2ddc _cHIN |
||
| 999 |
_c54548 _d54548 |
||